[Event "Prague op"]
[Site "Prague"]
[Date "2022.06.10"]
[Round "1"]
[White "Muzik, Martin"]
[Black "Alsina Leal, Daniel"]
[Result "0-1"]
[WhiteElo "2074"]
[BlackElo "2514"]
[PlyCount "78"]
[EventDate "2022.06.10"]
[EventType "swiss"]
[EventRounds "9"]
[EventCountry "CZE"]
[SourceTitle "CBM 208 Extra"]
[Source "ChessBase"]
[SourceDate "2022.07.31"]
[SourceVersion "1"]
[SourceVersionDate "2022.07.31"]
[SourceQuality "1"]

1. e4 c6 2. d4 d5 3. exd5 cxd5 4. c3 Nf6 5. Bd3 Bg4 6. Nf3 Qc7 7. Qa4+ Bd7 8. Qc2 Nc6 9. Bg5 Bg4 10. Nbd2 e6 11. Bh4 Nh5 12. Bg3 Nf4 13. 0-0 Bd6 14. Rfe1 0-0-0 15. Re3 h5 16. Ne5 Nxe5 17. Bxf4 Nc4 18. Bxd6 Nxe3 19. fxe3 Rxd6 20. h3 Bf5 21. Bxf5 exf5 22. Qxf5+ Qd7 23. Qd3 Re8 24. Rf1 Qe7 25. Rf3 Rf6 26. Rxf6 Qxf6 27. Nf3 Qe6 28. Kf2 Qe4 29. Qxe4 dxe4 30. Ne5 f6 31. Ng6 Re6 32. Kg3 Ra6 33. a3 Rb6 34. b4 Ra6 35. Kf4 Rxa3 36. c4 Ra4 37. Kxe4 Rxb4 38. Kd3 Rb3+ 39. Ke4 a5 0-1

[Event "Prague op"]
[Site "Prague"]
[Date "2020.02.15"]
[Round "2"]
[White "Muzik, Martin"]
[Black "Mosesov, Danylo"]
[Result "0-1"]
[WhiteElo "2163"]
[BlackElo "2379"]
[PlyCount "68"]
[EventDate "2020.02.14"]
[EventType "swiss"]
[EventRounds "9"]
[EventCountry "CZE"]
[SourceTitle "CBM 195 Extra"]
[Source "ChessBase"]
[SourceDate "2020.05.31"]
[SourceVersion "1"]
[SourceVersionDate "2020.05.31"]
[SourceQuality "1"]

1. d4 Nf6 2. Bf4 c5 3. dxc5 Na6 4. c4 Nxc5 5. Nc3 g6 6. f3 Bg7 7. e4 d6 8. Qd2 0-0 9. 0-0-0 Be6 10. Bh6 Qa5 11. Bxg7 Kxg7 12. Kb1 Rab8 13. Nd5 Qxd2 14. Rxd2 Nxd5 15. cxd5 Bd7 16. b4 Na4 17. Bd3 f5 18. Ne2 fxe4 19. Bxe4 Rbc8 20. Re1 Rc4 21. a3 Rfc8 22. Bd3 R4c7 23. g4 Kf7 24. h4 Nb6 25. Nf4 Nc4 26. Rde2 Ne5 27. Be4 Rc3 28. Kb2 Ba4 29. h5 Rb3+ 30. Ka2 Rcc3 31. hxg6+ hxg6 32. Ne6 Rxa3+ 33. Kb2 Nc4+ 34. Kb1 Rcb3+ 0-1

[Event "CZE-chT2F 1819"]
[Site "Czech Republic"]
[Date "2019.02.10"]
[Round "8.1"]
[White "Muzik, Martin"]
[Black "Stachowiak, Kamil"]
[Result "0-1"]
[WhiteElo "2171"]
[BlackElo "2426"]
[PlyCount "72"]
[EventDate "2018.10.14"]
[EventType "team-tourn"]
[EventRounds "11"]
[EventCountry "CZE"]
[SourceTitle "EXT 2022"]
[Source "ChessBase"]
[SourceDate "2021.10.06"]
[SourceVersion "1"]
[SourceVersionDate "2021.10.06"]
[SourceQuality "1"]
[WhiteTeam "Opava KVS"]
[BlackTeam "Vrbno pod Pradedem"]
[WhiteTeamCountry "CZE"]
[BlackTeamCountry "CZE"]

1. e4 c5 2. c3 Nf6 3. e5 Nd5 4. d4 cxd4 5. Nf3 d6 6. cxd4 Nc6 7. Bc4 e6 8. 0-0 Be7 9. a3 0-0 10. Re1 Bd7 11. Qd3 a6 12. Qe4 Na5 13. Ba2 Rc8 14. Nbd2 Ba4 15. Bb1 g6 16. Bd3 dxe5 17. dxe5 Qd7 18. b4 Nc3 19. Qe3 Nb3 20. Nxb3 Bxb3 21. Bb2 Nd5 22. Qe4 Rfd8 23. Nd4 Nc3 24. Bxc3 Rxc3 25. Nxb3 Rxd3 26. Na5 Rd5 27. Rac1 Rc8 28. g3 Kg7 29. h4 h5 30. Kg2 Bd8 31. Rxc8 Qxc8 32. Nc4 Qd7 33. Qf3 b5 34. Nd6 Bc7 35. Qf6+ Kg8 36. Nb7 Qc6 0-1

[Event "CZE-chT2F 1819"]
[Site "Czech Republic"]
[Date "2018.12.16"]
[Round "5.1"]
[White "Benco, Pavel"]
[Black "Muzik, Martin"]
[Result "1/2-1/2"]
[WhiteElo "2202"]
[BlackElo "2171"]
[PlyCount "33"]
[EventDate "2018.10.14"]
[EventType "team-tourn"]
[EventRounds "11"]
[EventCountry "CZE"]
[SourceTitle "EXT 2022"]
[Source "ChessBase"]
[SourceDate "2021.10.06"]
[SourceVersion "1"]
[SourceVersionDate "2021.10.06"]
[SourceQuality "1"]
[WhiteTeam "Frydek Mistek III"]
[BlackTeam "Opava KVS"]
[WhiteTeamCountry "CZE"]
[BlackTeamCountry "CZE"]

1. e4 d6 2. d4 Nf6 3. Nc3 e5 4. Nf3 Nbd7 5. Bg5 Be7 6. dxe5 dxe5 7. Bc4 c6 8. Qe2 b5 9. Bd3 Qc7 10. a4 b4 11. Nd1 Nc5 12. Ne3 Nfxe4 13. Bxe7 Qxe7 14. Bxe4 Nxe4 15. Nc4 Nc5 16. Qxe5 Qxe5+ 17. Nfxe5 1/2-1/2

[Event "CZE-chT2F 1819"]
[Site "Czech Republic"]
[Date "2018.12.02"]
[Round "4.2"]
[White "Koziol, Kamil"]
[Black "Muzik, Martin"]
[Result "1-0"]
[WhiteElo "2285"]
[BlackElo "2171"]
[PlyCount "77"]
[EventDate "2018.10.14"]
[EventType "team-tourn"]
[EventRounds "11"]
[EventCountry "CZE"]
[SourceTitle "EXT 2022"]
[Source "ChessBase"]
[SourceDate "2021.10.06"]
[SourceVersion "1"]
[SourceVersionDate "2021.10.06"]
[SourceQuality "1"]
[WhiteTeam "Poruba Slavoj III"]
[BlackTeam "Opava KVS"]
[WhiteTeamCountry "CZE"]
[BlackTeamCountry "CZE"]

1. e4 d6 2. d4 Nf6 3. Nc3 e5 4. Nf3 Nbd7 5. Be2 Be7 6. g4 Nxg4 7. Rg1 h5 8. h3 Nh6 9. Rxg7 Bf6 10. Rg1 Nf8 11. Nd5 Bxh3 12. Nxf6+ Qxf6 13. Bg5 Qe6 14. Qd2 Ng8 15. Qb4 f6 16. Bc4 Qc8 17. Bh4 Be6 18. dxe5 dxe5 19. 0-0-0 a5 20. Qc3 Bxc4 21. Qxc4 Qe6 22. Qb5+ Qc6 23. Qb3 a4 24. Qa3 Qxe4 25. Rh1 Ne6 26. Rde1 Qh7 27. Nxe5 fxe5 28. Rxe5 Ra6 29. Qe3 Qf7 30. Qd4 Nf6 31. Re3 Rh6 32. f4 Kf8 33. Qb4+ c5 34. Qd2 Ng4 35. Rd3 Qf5 36. Rd5 Qxf4 37. Rd8+ Nxd8 38. Qxf4+ Nf7 39. Rf1 1-0

[Event "CZE-chT2F 1819"]
[Site "Czech Republic"]
[Date "2018.11.18"]
[Round "3.2"]
[White "Muzik, Martin"]
[Black "Jaworski, Miroslaw"]
[Result "1/2-1/2"]
[WhiteElo "2171"]
[BlackElo "2199"]
[PlyCount "50"]
[EventDate "2018.10.14"]
[EventType "team-tourn"]
[EventRounds "11"]
[EventCountry "CZE"]
[SourceTitle "EXT 2022"]
[Source "ChessBase"]
[SourceDate "2021.10.06"]
[SourceVersion "1"]
[SourceVersionDate "2021.10.06"]
[SourceQuality "1"]
[WhiteTeam "Opava KVS"]
[BlackTeam "Havirov Slovan"]
[WhiteTeamCountry "CZE"]
[BlackTeamCountry "CZE"]

1. e4 c6 2. d4 d5 3. exd5 cxd5 4. c3 Nc6 5. Bd3 Nf6 6. Bf4 Bg4 7. Nf3 e6 8. Qb3 Qc8 9. Ne5 Be7 10. Nxg4 Nxg4 11. h3 Nf6 12. Nd2 0-0 13. 0-0 Qd7 14. Rae1 Bd6 15. Be5 Ne8 16. Nf3 f6 17. Bxd6 Nxd6 18. Qc2 g5 19. Re3 Rae8 20. Rfe1 b5 21. Qe2 Nd8 22. h4 g4 23. Nd2 f5 24. Nb3 Rf6 25. Nc5 Qc6 1/2-1/2

[Event "CZE-chT1E 1718"]
[Site "Czech Republic"]
[Date "2017.12.10"]
[Round "4.5"]
[White "Mroziak, Maciej"]
[Black "Muzik, Martin"]
[Result "1-0"]
[WhiteElo "2403"]
[BlackElo "2158"]
[PlyCount "71"]
[EventDate "2017.10.22"]
[EventType "team-tourn"]
[EventRounds "11"]
[EventCountry "CZE"]
[SourceTitle "EXT 2019"]
[Source "ChessBase"]
[SourceDate "2018.10.10"]
[SourceVersion "1"]
[SourceVersionDate "2018.10.10"]
[SourceQuality "1"]
[WhiteTeam "Cesky Tesin"]
[BlackTeam "Opava KVS"]
[WhiteTeamCountry "CZE"]
[BlackTeamCountry "CZE"]

1. e4 d6 2. d4 Nf6 3. Nc3 e5 4. Nf3 Nbd7 5. g4 Nxg4 6. Rg1 exd4 7. Qxd4 Nde5 8. Be2 Qf6 9. Qd1 c6 10. h3 Nxf3+ 11. Bxf3 Ne5 12. Be2 h6 13. Rg3 g5 14. Be3 Bg7 15. Qd2 b5 16. 0-0-0 Bb7 17. f4 gxf4 18. Bxf4 0-0-0 19. Rf1 Rdg8 20. Be3 Qh4 21. Rfg1 Qf6 22. Bxa7 h5 23. Kb1 Ng6 24. Be3 Re8 25. a3 Qe6 26. Bd4 Be5 27. Bxe5 Nxe5 28. h4 Kc7 29. Rg5 Qh3 30. Qf4 Re7 31. Rxh5 Rb8 32. Rf5 Bc8 33. Bf1 Bxf5 34. Bxh3 Bxh3 35. h5 Rh8 36. Qh4 1-0

[Event "CZE-chT1E 1718"]
[Site "Czech Republic"]
[Date "2017.10.22"]
[Round "1.1"]
[White "Muzik, Martin"]
[Black "Vachek, Jiri"]
[Result "1-0"]
[WhiteElo "2158"]
[BlackElo "1848"]
[PlyCount "72"]
[EventDate "2017.10.22"]
[EventType "team-tourn"]
[EventRounds "11"]
[EventCountry "CZE"]
[SourceTitle "CBM 181 Extra"]
[Source "ChessBase"]
[SourceDate "2017.12.12"]
[SourceVersion "1"]
[SourceVersionDate "2017.12.12"]
[SourceQuality "1"]
[WhiteTeam "Opava KVS"]
[BlackTeam "Brno Lokomotiva"]
[WhiteTeamCountry "CZE"]
[BlackTeamCountry "CZE"]

1. e4 e6 2. d4 d5 3. e5 c5 4. c3 Nc6 5. Nf3 a6 6. Bd3 f5 7. a3 c4 8. Bc2 Bd7 9. h4 h6 10. h5 Qc7 11. Nh4 Nge7 12. g4 Rg8 13. gxf5 Nxf5 14. Nxf5 exf5 15. Qf3 Ne7 16. Nd2 Be6 17. Nf1 Qd7 18. Ng3 0-0-0 19. Bd2 Kb8 20. 0-0-0 Ka7 21. Rdg1 Qc8 22. Rh4 g5 23. hxg6 Rxg6 24. Rgh1 Bg7 25. Bxh6 Bxe5 26. dxe5 d4 27. Rxd4 Rxd4 28. cxd4 Bd5 29. Qh5 Bxh1 30. Qxh1 Qg8 31. Bd2 Rxg3 32. fxg3 Qxg3 33. Bc3 Qe3+ 34. Kb1 Nc6 35. Bxf5 Nxd4 36. Bxd4+ Qxd4 1-0

[Event "CZE-chT2F 1314"]
[Site "Czech Republic"]
[Date "2014.01.19"]
[Round "6.17"]
[White "Mohyla, Tomas"]
[Black "Muzik, Martin"]
[Result "1/2-1/2"]
[WhiteElo "2085"]
[BlackElo "2155"]
[PlyCount "79"]
[EventDate "2013.11.03"]
[EventType "team-tourn"]
[EventRounds "11"]
[EventCountry "CZE"]
[SourceTitle "EXT 2016"]
[Source "ChessBase"]
[SourceDate "2015.10.08"]
[SourceVersion "1"]
[SourceVersionDate "2015.10.08"]
[SourceQuality "1"]
[WhiteTeam "Havirov Banik"]
[BlackTeam "Opava KVS"]
[WhiteTeamCountry "CZE"]
[BlackTeamCountry "CZE"]

1. e4 c5 2. c3 d5 3. exd5 Qxd5 4. d4 Nc6 5. Nf3 e5 6. dxe5 Qxd1+ 7. Kxd1 Bf5 8. Be3 0-0-0+ 9. Nbd2 f6 10. exf6 Nxf6 11. Bb5 Ng4 12. Re1 Bd6 13. Bxc6 bxc6 14. g3 Rhe8 15. Ke2 c4 16. Nxc4 Bxg3 17. Nd4 Nxe3 18. Nxe3 Bg4+ 19. Kf1 Bh3+ 20. Kg1 Bh4 21. Ng2 Bf6 22. Rxe8 Rxe8 23. Nxc6 Re4 24. f3 Re6 25. Nxa7+ Kb7 26. Nf4 Rb6 27. Nxh3 Rxb2 28. Rd1 Kxa7 29. Rd3 Rxa2 30. Nf4 Be5 31. Ne6 Bxh2+ 32. Kf1 Be5 33. f4 Bf6 34. Nxg7 Rc2 35. Nh5 Bxc3 36. Rd7+ Kb6 37. Rxh7 Bd4 38. Rd7 Bc5 39. Nf6 Kc6 40. Rd3 1/2-1/2

[Event "CZE-chT2F 1213"]
[Site "Czech Republic"]
[Date "2013.01.20"]
[Round "7.45"]
[White "Pacl, Vaclav"]
[Black "Muzik, Martin"]
[Result "1/2-1/2"]
[WhiteElo "2136"]
[BlackElo "2139"]
[PlyCount "61"]
[EventDate "2012.10.14"]
[EventType "team-tourn"]
[EventRounds "11"]
[EventCountry "CZE"]
[SourceTitle "EXT 2016"]
[Source "ChessBase"]
[SourceDate "2015.10.08"]
[SourceVersion "1"]
[SourceVersionDate "2015.10.08"]
[SourceQuality "1"]
[WhiteTeam "Havirov Slovan"]
[BlackTeam "Opava KVS"]
[WhiteTeamCountry "CZE"]
[BlackTeamCountry "CZE"]

1. Nf3 d5 2. e3 Nf6 3. c4 c6 4. Nc3 a6 5. Qc2 b5 6. b3 g6 7. Bd3 Bg7 8. Bb2 0-0 9. 0-0 Nbd7 10. cxb5 cxb5 11. Ne2 Bb7 12. Rac1 Rc8 13. Qb1 Nh5 14. Bxg7 Nxg7 15. Qb2 f6 16. Bb1 e5 17. Rxc8 Qxc8 18. Rc1 Qb8 19. Qa3 Re8 20. Qb4 Qd8 21. a4 Qb6 22. a5 Qd8 23. Qd6 Nb8 24. Qc7 Qxc7 25. Rxc7 Bc6 26. b4 Kf8 27. Ba2 Re7 28. Rc8+ Re8 29. Rxe8+ Nxe8 30. Nc3 Nc7 31. d4 1/2-1/2

[Event "CZE-chT2F 1112"]
[Site "Czech Republic"]
[Date "2011.10.09"]
[Round "1.5"]
[White "Novosadova, Kristyna"]
[Black "Muzik, Martin"]
[Result "1-0"]
[WhiteElo "2055"]
[BlackElo "2132"]
[PlyCount "73"]
[EventDate "2011.10.09"]
[EventType "team-tourn"]
[EventRounds "11"]
[EventCountry "CZE"]
[SourceTitle "EXT 2013"]
[Source "ChessBase"]
[SourceDate "2012.11.22"]
[SourceVersion "1"]
[SourceVersionDate "2012.11.22"]
[SourceQuality "1"]
[WhiteTeam "Ostrava Mittal"]
[BlackTeam "Opava KVS"]
[WhiteTeamCountry "CZE"]
[BlackTeamCountry "CZE"]

1. e4 c5 2. Nf3 Nc6 3. d4 cxd4 4. Nxd4 e5 5. Nb5 d6 6. N1c3 a6 7. Na3 b5 8. Nd5 Nge7 9. c3 Nxd5 10. exd5 Ne7 11. Nc2 f5 12. Bg5 g6 13. Bf6 Rg8 14. f4 exf4 15. Qd4 Kf7 16. 0-0-0 Bb7 17. h4 Qa5 18. Nb4 Qc7 19. Bxe7 Bxe7 20. Qxf4 Bf6 21. g4 Be5 22. Qf3 Raf8 23. gxf5 Kg7 24. Bh3 Kh8 25. Rhf1 gxf5 26. Bxf5 a5 27. Nc6 Bxc6 28. dxc6 Rf6 29. Qh5 b4 30. c4 Rgf8 31. Rf3 Qg7 32. Rd2 Rh6 33. Qg5 Qxg5 34. hxg5 Rh4 35. c7 Rf4 36. Rxf4 Bxf4 37. c8Q 1-0